Agrobiodiversity : characterization, utilization and management

Αποθηκεύτηκε σε:
Λεπτομέρειες βιβλιογραφικής εγγραφής
Άλλοι συγγραφείς: Wood, D. (David) 1939- (Επιμελητής έκδοσης), Lenni, Jillian M. (Επιμελητής έκδοσης)
Μορφή: Βιβλίο
Γλώσσα:English
Δημοσίευση: Wallingford, Oxon; New York : CABI publishing, c1999
Θέματα:
Ετικέτες: Προσθήκη ετικέτας
Δεν υπάρχουν, Καταχωρήστε ετικέτα πρώτοι!

MARC

LEADER 00000nam a2200000 i 4500
001 1/37756
008 030626s1999 eng d
020 |a 0851993370 
035 |l 10070315 
040 |a GR-MY-UA  |b gre  |e aacr 
041 0 |a eng 
082 0 |a 333.9534  |2 (21) 
245 1 0 |a Agrobiodiversity :  |b characterization, utilization and management /  |c edited by D. Wood and J. M. Lenne 
260 |a Wallingford, Oxon; New York :   |b CABI publishing,   |c c1999 
300 |a 490 σ.;  |b εικ.;  |c 24 εκ. 
504 |a Περιέχει βιβλιογραφία και ευρετήριο 
650 0 0 |a Agrobiodiversity. 
700 1 |a Wood, D.  |q (David)  |d 1939-  |4 edt 
700 1 |a Lenni, Jillian M.  |4 edt 
852 |a INST  |b LESVOS  |e 20030626  |h 333.9534 AGR  |p 005100027042  |q 005100027042  |t BK  |y 0 
901 |a BIBL1-2003-2 
909 |a Λ  |b 105347 
922 |a 1ΕΛΗ  |b 200305  |c ΕΠΕΑΕΚ2/ΤΠ  |d ΠΑΠΑΣΩΤΗΡΙΟΥ & ΕΛΕΥΘΕΡΟΥΔΑΚΗΣ 
950 |a 107-2002-10-01 
970 |a ΚΑΡΑ  |b ΓΙΑΣΕΜΗ  |z 2003/07/07